<?xml version="1.0" encoding="UTF-8"?>
<record
    xmlns:xsi="http://www.w3.org/2001/XMLSchema-instance"
    xsi:schemaLocation="http://www.loc.gov/MARC21/slim http://www.loc.gov/standards/marcxml/schema/MARC21slim.xsd"
    xmlns="http://www.loc.gov/MARC21/slim">

  <leader>01348nas a2200409 i 4500</leader>
  <controlfield tag="001">193438</controlfield>
  <controlfield tag="003">SpMaBN</controlfield>
  <controlfield tag="005">20250804062804.0</controlfield>
  <controlfield tag="006">m    g   d |      </controlfield>
  <controlfield tag="007">cr*|||||||||||</controlfield>
  <controlfield tag="008">231205c19789999sp br pso     0   b0spa  </controlfield>
  <datafield tag="010" ind1=" " ind2=" ">
    <subfield code="a">n</subfield>
    <subfield code="b">0</subfield>
  </datafield>
  <datafield tag="022" ind1="0" ind2=" ">
    <subfield code="a">2531-2944</subfield>
    <subfield code="2">_u</subfield>
  </datafield>
  <datafield tag="035" ind1=" " ind2=" ">
    <subfield code="a">a6067307</subfield>
  </datafield>
  <datafield tag="040" ind1=" " ind2=" ">
    <subfield code="a">SpMaBN</subfield>
    <subfield code="b">spa</subfield>
    <subfield code="c">SpMaBN</subfield>
    <subfield code="e">rdc</subfield>
  </datafield>
  <datafield tag="080" ind1=" " ind2=" ">
    <subfield code="a">1</subfield>
  </datafield>
  <datafield tag="130" ind1="3" ind2=" ">
    <subfield code="a">El Basilisco (Oviedo. Internet)</subfield>
    <subfield code="9">234630</subfield>
  </datafield>
  <datafield tag="210" ind1="0" ind2=" ">
    <subfield code="a">Basilisco</subfield>
    <subfield code="b">Internet</subfield>
  </datafield>
  <datafield tag="222" ind1=" " ind2="3">
    <subfield code="a">El Basilisco</subfield>
    <subfield code="b">Internet</subfield>
  </datafield>
  <datafield tag="245" ind1="1" ind2="3">
    <subfield code="a">El Basilisco :</subfield>
    <subfield code="b">revista de materialismo filos&#xF3;fico</subfield>
  </datafield>
  <datafield tag="260" ind1=" " ind2=" ">
    <subfield code="a">Oviedo :</subfield>
    <subfield code="b">Pentalfa Ediciones,</subfield>
    <subfield code="c">1978-</subfield>
  </datafield>
  <datafield tag="260" ind1="3" ind2=" ">
    <subfield code="a">Oviedo :</subfield>
    <subfield code="b">Fundaci&#xF3;n Gustavo Bueno,</subfield>
    <subfield code="c">1998-</subfield>
  </datafield>
  <datafield tag="310" ind1=" " ind2=" ">
    <subfield code="a">Bimestral</subfield>
  </datafield>
  <datafield tag="336" ind1=" " ind2=" ">
    <subfield code="a">Texto (visual)</subfield>
    <subfield code="2">isbdcontent</subfield>
  </datafield>
  <datafield tag="337" ind1=" " ind2=" ">
    <subfield code="a">electr&#xF3;nico</subfield>
    <subfield code="2">isbdmedia</subfield>
  </datafield>
  <datafield tag="362" ind1="0" ind2=" ">
    <subfield code="a">N. 1 (marzo-abr. 1978)-</subfield>
  </datafield>
  <datafield tag="530" ind1=" " ind2=" ">
    <subfield code="a">Disponible edici&#xF3;n impresa</subfield>
  </datafield>
  <datafield tag="650" ind1=" " ind2="7">
    <subfield code="a">Filosof&#xED;a</subfield>
    <subfield code="2">embne</subfield>
    <subfield code="9">12802</subfield>
  </datafield>
  <datafield tag="655" ind1=" " ind2="0">
    <subfield code="a">P&#xE1;ginas Web</subfield>
    <subfield code="2">tgfbne</subfield>
    <subfield code="9">226719</subfield>
  </datafield>
  <datafield tag="655" ind1=" " ind2="0">
    <subfield code="a">Revistas electr&#xF3;nicas</subfield>
    <subfield code="2">tgfbne</subfield>
    <subfield code="9">226718</subfield>
  </datafield>
  <datafield tag="710" ind1="2" ind2=" ">
    <subfield code="a">Fundaci&#xF3;n Gustavo Bueno</subfield>
  </datafield>
  <datafield tag="776" ind1="0" ind2="8">
    <subfield code="i">Versi&#xF3;n impresa</subfield>
    <subfield code="t">Basilisco =</subfield>
    <subfield code="x">ISSN 0210-0088</subfield>
    <subfield code="0">193439</subfield>
    <subfield code="w">193439</subfield>
  </datafield>
  <datafield tag="856" ind1="4" ind2="0">
    <subfield code="u">http://fgbueno.es/edi/bas.htm</subfield>
    <subfield code="y">Acceso electr&#xF3;nico</subfield>
  </datafield>
  <datafield tag="942" ind1=" " ind2=" ">
    <subfield code="2">udc</subfield>
    <subfield code="n">0</subfield>
    <subfield code="c">REV_E</subfield>
  </datafield>
  <datafield tag="955" ind1=" " ind2=" ">
    <subfield code="b">CRON CRON</subfield>
  </datafield>
  <datafield tag="999" ind1=" " ind2=" ">
    <subfield code="c">193438</subfield>
    <subfield code="d">193438</subfield>
  </datafield>
</record>
